<?xml version="1.0" encoding="UTF-8"?>
<record
    xmlns:xsi="http://www.w3.org/2001/XMLSchema-instance"
    xsi:schemaLocation="http://www.loc.gov/MARC21/slim http://www.loc.gov/standards/marcxml/schema/MARC21slim.xsd"
    xmlns="http://www.loc.gov/MARC21/slim">

  <leader>00519nam a22000977a 4500</leader>
  <datafield tag="999" ind1=" " ind2=" ">
    <subfield code="c">2909</subfield>
    <subfield code="d">2909</subfield>
  </datafield>
  <controlfield tag="008">190410|           ||| | ||||||0| ||spa d</controlfield>
  <datafield tag="245" ind1=" " ind2=" ">
    <subfield code="a">Hueso Radio</subfield>
  </datafield>
  <datafield tag="300" ind1=" " ind2=" ">
    <subfield code="e">Hueso Radio</subfield>
  </datafield>
  <datafield tag="653" ind1=" " ind2=" ">
    <subfield code="a">Hueso del miembro superior.</subfield>
    <subfield code="a">Hueso del antebrazo.</subfield>
    <subfield code="a">Hueso largo.</subfield>
    <subfield code="a">Situado lateralmente al c&#xFA;bito, por fuera del antebrazo.</subfield>
    <subfield code="a">Cuerpo o di&#xE1;fisis.</subfield>
    <subfield code="a">Extremidad superior o ep&#xED;fisis.</subfield>
    <subfield code="a">Extremidad inferior o ep&#xED;fisis.</subfield>
    <subfield code="a">Articula hacia arriba con el h&#xFA;mero y hacia abajo con el carpo.</subfield>
    <subfield code="a">Espacio inter&#xF3;seo del antebrazo.</subfield>
  </datafield>
  <datafield tag="942" ind1=" " ind2=" ">
    <subfield code="c">HUESOS</subfield>
    <subfield code="2">ddc</subfield>
  </datafield>
  <datafield tag="952" ind1=" " ind2=" ">
    <subfield code="0">0</subfield>
    <subfield code="1">0</subfield>
    <subfield code="2">ddc</subfield>
    <subfield code="4">0</subfield>
    <subfield code="7">0</subfield>
    <subfield code="a">BFM</subfield>
    <subfield code="b">BFM</subfield>
    <subfield code="c">CR</subfield>
    <subfield code="d">2019-04-11</subfield>
    <subfield code="l">41</subfield>
    <subfield code="p">HR5</subfield>
    <subfield code="r">2025-03-25</subfield>
    <subfield code="s">2025-03-25</subfield>
    <subfield code="t">Ej. 1</subfield>
    <subfield code="w">2019-04-11</subfield>
    <subfield code="y">HUESOS</subfield>
    <subfield code="z">Donaci&#xF3;n Grecia Santill&#xE1;n, Abril 2019</subfield>
  </datafield>
  <datafield tag="952" ind1=" " ind2=" ">
    <subfield code="0">0</subfield>
    <subfield code="1">0</subfield>
    <subfield code="2">ddc</subfield>
    <subfield code="4">0</subfield>
    <subfield code="7">0</subfield>
    <subfield code="a">BFM</subfield>
    <subfield code="b">BFM</subfield>
    <subfield code="c">CR</subfield>
    <subfield code="d">2019-04-30</subfield>
    <subfield code="e">Donaci&#xF3;n C&#xE1;tedra de Anatom&#xED;a, Abril 2019.</subfield>
    <subfield code="l">40</subfield>
    <subfield code="p">HR65</subfield>
    <subfield code="r">2025-04-03</subfield>
    <subfield code="s">2025-04-03</subfield>
    <subfield code="t">Ej. 2</subfield>
    <subfield code="w">2019-04-30</subfield>
    <subfield code="y">HUESOS</subfield>
    <subfield code="z">Donaci&#xF3;n C&#xE1;tedra de Anatom&#xED;a, Abril 2019.</subfield>
  </datafield>
  <datafield tag="952" ind1=" " ind2=" ">
    <subfield code="0">0</subfield>
    <subfield code="1">0</subfield>
    <subfield code="2">ddc</subfield>
    <subfield code="4">0</subfield>
    <subfield code="7">0</subfield>
    <subfield code="a">BFM</subfield>
    <subfield code="b">BFM</subfield>
    <subfield code="c">CR</subfield>
    <subfield code="d">2022-04-27</subfield>
    <subfield code="e">Donaci&#xF3;n Vera, Yael abril 2022</subfield>
    <subfield code="l">39</subfield>
    <subfield code="p">HR118</subfield>
    <subfield code="r">2026-02-09</subfield>
    <subfield code="s">2026-02-09</subfield>
    <subfield code="t">Ej.3</subfield>
    <subfield code="w">2022-04-27</subfield>
    <subfield code="y">HUESOS</subfield>
    <subfield code="z">Donaci&#xF3;n Vera, Yael abril 2022</subfield>
    <subfield code="f"></subfield>
  </datafield>
</record>
